| 000 | 00827nam a2200217Ia 4500 | ||
|---|---|---|---|
| 003 | GCL | ||
| 008 | 140319s9999 xx 000 0 ara d | ||
| 020 | _a3805477200 | ||
| 040 |
_aGCL / _cGCL |
||
| 082 | 0 | 4 |
_a371.2 _bع ا |
| 100 | 1 | _aعبدالوهاب محمد كامل | |
| 245 | 1 | 0 |
_aادارة الازمات المدرسية : _bالمدخل السيكولوجى المعلوماتى / _cعبدالوهاب محمد كامل |
| 260 |
_aالقاهرة : _bمكتبة النهضة المصرية ، _c2003 |
||
| 300 |
_a322 ص ؛ _c24 سم |
||
| 650 | 0 | 4 | _aالتعليم - طرق معالجة |
| 650 | 0 | 4 | _aالمدارس - تنظيم وادارة |
| 650 | 0 | 4 | _aالازمات - ادارة |
| 650 | 0 | 4 | _aالتعليم - قوانين وتشريعات |
| 650 | 0 | 4 | _aالازمات المدرسية |
| 942 |
_2ddc _cBK |
||
| 999 |
_c6118 _d6118 |
||